[Event "Cto Aragón Equipos Pref Gr I"]
[Site "Aragon"]
[Date "2015.02.14"]
[Round "4.47"]
[White "Escartin Lacasa, Jose"]
[Black "Rosa Garcia, Jesus"]
[Result "0-1"]
[WhiteElo "1626"]
[BlackElo "1706"]
[PlyCount "64"]
[EventDate "2015.01.24"]
[WhiteTeam "Jaque"]
[BlackTeam "Binefar"]

1. d4 c5 2. e3 g6 3. c4 Bg7 4. Nf3 e6 5. Be2 Nc6 6. Nc3 cxd4 7. exd4 Nge7 8.
Bf4 Qb6 9. Nb5 O-O 10. Bc7 Qa6 11. c5 b6 12. cxb6 axb6 13. Bf4 Nd5 14. Nc7 Qa7
15. Nxd5 exd5 16. O-O Qa4 17. b3 Qb4 18. Bd2 Qa3 19. Bc3 Ba6 20. Bxa6 Rxa6 21.
Ne5 Qd6 22. Re1 b5 23. Qe2 Rb6 24. Nxc6 Rxc6 25. Qd2 Rfc8 26. Bb4 Qf6 27. Rad1
h5 28. Qd3 Kh7 29. Qxb5 Rc2 30. Re2 Qf5 31. Qd3 Qxd3 32. Rxd3 Rxe2 0-1

[Event "Cto Aragón Equipos Pref Gr I"]
[Site "Aragon"]
[Date "2015.02.14"]
[Round "4.48"]
[White "Ballarin Corvinos, Jorge"]
[Black "Ereza Vizcarra, Fernando"]
[Result "0-1"]
[WhiteElo "1582"]
[BlackElo "1572"]
[PlyCount "96"]
[EventDate "2015.01.24"]
[WhiteTeam "Binefar"]
[BlackTeam "Jaque"]

1. e4 c5 2. Nf3 e6 3. c3 d5 4. exd5 exd5 5. d4 Nf6 6. Bg5 Qb6 7. Bxf6 Qxf6 8.
dxc5 Qe6+ 9. Be2 Bxc5 10. O-O O-O 11. Nbd2 Nd7 12. Nb3 Bb6 13. Nbd4 Qe7 14. Re1
Nf6 15. Bc4 Qc5 16. Bb3 Bg4 17. h3 Bh5 18. Qd3 Bg6 19. Qb5 Rae8 20. Qxc5 Bxc5
21. Bc2 Be4 22. b4 Bxd4 23. Nxd4 Bxc2 24. Nxc2 Ne4 25. c4 dxc4 26. Ne3 Nd2 27.
a4 Rd8 28. Rac1 Rfe8 29. Red1 Rd4 30. Rc2 Red8 31. Rdc1 Rc8 32. Rd1 c3 33. Nf1
Nf3+ 34. gxf3 Rxd1 35. Kg2 g6 36. b5 b6 37. f4 Rd4 38. Ne3 Kf8 39. Kf3 Rxa4 40.
Nd5 Rac4 41. Ke3 R4c5 42. Nf6 Kg7 43. Ne4 Rxb5 44. Nd6 Rbc5 45. Nxc8 Rxc8 46.
Kd3 b5 47. Ke2 b4 48. Kd3 b3 0-1

[Event "Cto Aragón Equipos Pref Gr I"]
[Site "Aragon"]
[Date "2015.02.14"]
[Round "4.50"]
[White "Maza Broto, Pablo"]
[Black "Naya Sancho, Juan Manuel"]
[Result "1-0"]
[WhiteElo "2076"]
[BlackElo "1889"]
[PlyCount "53"]
[EventDate "2015.01.24"]
[WhiteTeam "Jaime Casas B"]
[BlackTeam "Delicias B"]

1. Nf3 d6 2. c4 g6 3. Nc3 Bg7 4. d4 c5 5. dxc5 dxc5 6. Qxd8+ Kxd8 7. Bf4 Bxc3+
8. bxc3 f6 9. e4 e5 10. Nxe5 Ke7 11. Nd3 b6 12. Be3 Nc6 13. Nf4 Be6 14. Be2 Ne5
15. Nd5+ Kf7 16. O-O Ne7 17. a4 N7c6 18. f4 Ng4 19. Bxg4 Bxg4 20. f5 gxf5 21.
h3 Be2 22. Rxf5 Rac8 23. Rxf6+ Ke8 24. Ra2 Bxc4 25. Raf2 Ne7 26. Re6 Bxd5 27.
exd5 1-0

[Event "Cto Aragón Equipos Pref Gr I"]
[Site "Aragon"]
[Date "2015.02.14"]
[Round "4.51"]
[White "Sanchez Perez, Carlos"]
[Black "Buil Rello, Jose Antonio"]
[Result "1-0"]
[WhiteElo "1499"]
[BlackElo "1921"]
[PlyCount "79"]
[EventDate "2015.01.24"]
[WhiteTeam "Delicias B"]
[BlackTeam "Jaime Casas B"]

1. e4 c5 2. Bc4 e6 3. Nc3 a6 4. a4 b6 5. d3 Nc6 6. Bf4 Nge7 7. Qe2 Ng6 8. Bg3
Nd4 9. Qd2 Be7 10. Nge2 Nc6 11. O-O d6 12. f4 O-O 13. Bf2 Bf6 14. d4 cxd4 15.
Nxd4 Qc7 16. Nde2 Rd8 17. Bd3 Na5 18. b3 Rb8 19. g4 h6 20. Rae1 Nc6 21. Nd1 a5
22. c3 Qe7 23. Ng3 Nh4 24. Be3 e5 25. g5 exf4 26. gxf6 Qe6 27. Rxf4 Ng6 28.
Rff1 Nce5 29. Bc2 Qg4 30. Qg2 Nh4 31. Qe2 Nhf3+ 32. Kh1 Nxe1 33. Qxg4 Bxg4 34.
Rxe1 h5 35. Bf4 gxf6 36. Nf5 Kf8 37. Nfe3 Rdc8 38. c4 Rc6 39. Nd5 Ng6 40. Bh6+
1-0

[Event "Cto Aragón Equipos Pref Gr II"]
[Site "Aragon"]
[Date "2015.02.14"]
[Round "4.53"]
[White "Malo Guillen, Jose Luis"]
[Black "Chueca Lorente, Javier"]
[Result "1/2-1/2"]
[WhiteElo "2167"]
[BlackElo "2039"]
[PlyCount "82"]
[EventDate "2015.01.24"]
[WhiteTeam "Las Fuentes"]
[BlackTeam "St. Casablanca D"]

1. d4 d5 2. c4 e6 3. Nf3 c6 4. Nc3 dxc4 5. g3 b5 6. Bg2 Bb7 7. Ne5 Qc7 8. a4 a6
9. O-O Nf6 10. axb5 cxb5 11. Nxb5 axb5 12. Rxa8 Bxg2 13. Rxb8+ Qxb8 14. Kxg2
Bd6 15. Nf3 O-O 16. Bg5 Ne4 17. Qc2 Qb7 18. Kg1 Qd5 19. Be3 Ra8 20. Rb1 Ra2 21.
Nd2 Nf6 22. Qc1 Ng4 23. Ra1 Nxe3 24. fxe3 Rxa1 25. Qxa1 h5 26. Qa5 Be7 27. Qc7
Bg5 28. Kf2 h4 29. Nf3 Bh6 30. Ne5 hxg3+ 31. hxg3 f6 32. Qf7+ Kh7 33. Qg6+ Kg8
34. Nf7 Qh1 35. Nxh6+ Qxh6 36. Qe8+ Kh7 37. Qxb5 Qh2+ 38. Kf3 Qh1+ 39. Kf2 Qh2+
40. Kf3 Qh1+ 41. Kf2 Qh2+ 1/2-1/2

[Event "Cto Aragón Equipos Pref Gr II"]
[Site "Aragon"]
[Date "2015.02.14"]
[Round "4.54"]
[White "Cebollada Pacheco, Jesus Raul"]
[Black "Alonso Blasco, Jose Miguel"]
[Result "1-0"]
[WhiteElo "2029"]
[BlackElo "2078"]
[PlyCount "191"]
[EventDate "2015.01.24"]
[WhiteTeam "St. Casablanca D"]
[BlackTeam "Las Fuentes"]

1. e4 c6 2. d4 d5 3. Nc3 dxe4 4. Nxe4 Nf6 5. Nxf6+ gxf6 6. c3 Bf5 7. Ne2 h5 8.
Ng3 Bg4 9. Qb3 Qb6 10. Bc4 Qxb3 11. axb3 h4 12. Nf1 h3 13. g3 Bf3 14. Rg1 Nd7
15. Nd2 Bg2 16. Nf1 a6 17. Be3 Nb6 18. Nd2 Nxc4 19. bxc4 Bh6 20. Bxh6 Rxh6 21.
f3 O-O-O 22. c5 Kc7 23. Kf2 e5 24. Ra4 f5 25. Re1 Re6 26. Re2 Rd5 27. dxe5
Rexe5 28. Rxe5 Rxe5 29. b4 Rd5 30. Ra2 Rd3 31. Rc2 f4 32. gxf4 f5 33. Ke2 Rd8
34. Nc4 a5 35. Nxa5 Re8+ 36. Kf2 Rd8 37. Nc4 Rd1 38. Ne3 Rh1 39. Nxf5 Rxh2 40.
Kg3 Rh1 41. Nh4 Rf1 42. Nxg2 hxg2 43. Kxg2 Re1 44. Kf2 Rh1 45. Ke3 Re1+ 46. Kd3
Kd7 47. Rd2 Rh1 48. Ke4+ Ke7 49. f5 Rh4+ 50. f4 Rh1 51. Rd3 Rf1 52. Rh3 Re1+
53. Re3 Rd1 54. Rh3 Re1+ 55. Kd4 Rd1+ 56. Kc4 Rf1 57. Rh7+ Kd8 58. Rxb7 Rxf4+
59. Kb3 Rxf5 60. Rh7 Rf1 61. Rh6 Kc7 62. Rd6 Rf2 63. Rd3 Rf1 64. Rd2 Rc1 65. c4
Rb1+ 66. Kc3 Kc8 67. Ra2 Kb7 68. Ra4 Rc1+ 69. Kb3 Kb8 70. Ra6 Rb1+ 71. Kc3 Rc1+
72. Kd3 Kc7 73. Rb6 Rd1+ 74. Kc2 Rd4 75. Kc3 Rd1 76. b5 Rc1+ 77. Kb2 Rxc4 78.
Rxc6+ Kd7 79. Kb3 Rc1 80. Kb4 Ra1 81. Rh6 Kc7 82. Rh7+ Kb8 83. c6 Rc1 84. Ka5
Rg1 85. Kb6 Rg8 86. Ka6 Rg6 87. Rh8+ Kc7 88. Ra8 Rh6 89. Ra7+ Kb8 90. Kb6 Rg6
91. Rh7 Rg8 92. c7+ Kc8 93. Rh6 Rf8 94. Rc6 Rf7 95. Rh6 Rf8 96. Rd6 1-0

[Event "Cto Aragón Equipos Pref Gr II"]
[Site "Aragon"]
[Date "2015.02.14"]
[Round "4.55"]
[White "Mombiela De Sus, Jose Luis"]
[Black "Goni Navarro, Pablo"]
[Result "1-0"]
[WhiteElo "1999"]
[BlackElo "1930"]
[PlyCount "81"]
[EventDate "2015.01.24"]
[WhiteTeam "Las Fuentes"]
[BlackTeam "St. Casablanca D"]

1. d4 d5 2. Nf3 c6 3. e3 Bf5 4. c4 e6 5. Qb3 Qb6 6. Nc3 Nd7 7. Na4 Qc7 8. cxd5
exd5 9. Bd2 Ngf6 10. Rc1 Bd6 11. Bb4 Rb8 12. Nc3 O-O 13. Be2 Bxb4 14. Qxb4 Qb6
15. Qxb6 axb6 16. Nh4 Be6 17. Bd3 Rfe8 18. f4 Nf8 19. Kd2 Ra8 20. a3 Bd7 21. f5
g6 22. Rhf1 Ne4+ 23. Nxe4 dxe4 24. Bc4 g5 25. g3 gxh4 26. gxh4 Kg7 27. f6+ Kh6
28. Bxf7 Red8 29. Rf4 c5 30. Rg1 Bc6 31. Rg5 Rd5 32. Bxd5 Bxd5 33. Rxd5 cxd4
34. exd4 Re8 35. Re5 Rd8 36. Rfxe4 Ng6 37. Re6 Nf8 38. Re8 Rxe8 39. Rxe8 Ng6
40. h5 Kxh5 41. f7 1-0

[Event "Cto Aragón Equipos Pref Gr II"]
[Site "Aragon"]
[Date "2015.02.14"]
[Round "4.56"]
[White "Calvo Simon, Jorge"]
[Black "Querol Soro, Sergio"]
[Result "1-0"]
[WhiteElo "1839"]
[BlackElo "1993"]
[PlyCount "61"]
[EventDate "2015.01.24"]
[WhiteTeam "St. Casablanca D"]
[BlackTeam "Las Fuentes"]

1. e4 d6 2. d4 g6 3. Nc3 Bg7 4. f4 Nf6 5. Nf3 c5 6. Bb5+ Nbd7 7. e5 Ng4 8. e6
fxe6 9. Ng5 Ngf6 10. Nxe6 Qb6 11. Nxg7+ Kf7 12. Ne6 Kxe6 13. Bc4+ d5 14. Nxd5
Nxd5 15. Bxd5+ Kf6 16. dxc5 Qxc5 17. Bd2 Re8 18. Bc3+ e5 19. fxe5+ Ke7 20. Qd2
Kd8 21. O-O-O Kc7 22. Bb4 Qb5 23. Bd6+ Kb6 24. b4 Ka6 25. Qc3 Nb6 26. Qa3+ Na4
27. Bc4 Qxc4 28. Qxa4+ Kb6 29. Qa5+ Kc6 30. Qc7+ Kb5 31. a4+ 1-0

[Event "Cto Aragón Equipos Pref Gr II"]
[Site "Aragon"]
[Date "2015.02.14"]
[Round "4.58"]
[White "De La Riva Fernandez, Eduardo"]
[Black "Portero Garnica, Miguel Angel"]
[Result "1/2-1/2"]
[WhiteElo "1944"]
[BlackElo "2130"]
[PlyCount "90"]
[EventDate "2015.01.24"]
[WhiteTeam "El Olivar C"]
[BlackTeam "Marcos Frechin"]

1. e4 e5 2. Nc3 Nf6 3. f4 d5 4. fxe5 Nxe4 5. d3 Nxc3 6. bxc3 d4 7. Nf3 Nc6 8.
cxd4 Bb4+ 9. Bd2 Nxd4 10. c3 Nxf3+ 11. Qxf3 Be7 12. Be2 O-O 13. O-O f6 14. Qg3
Kh8 15. d4 Be6 16. Bf4 c5 17. exf6 gxf6 18. Qe3 Qd7 19. Bf3 cxd4 20. cxd4 Bc4
21. Rfb1 Ba6 22. Qd2 Rad8 23. Rd1 Qf5 24. Kh1 Bd6 25. Bxd6 Rxd6 26. Qc3 Rc8 27.
Qb4 Qf4 28. Qb2 b6 29. Qd2 Qxd2 30. Rxd2 Rc4 31. Be2 Ra4 32. Bxa6 Rxa6 33. Kg1
Ra4 34. Rc1 a6 35. d5 Ra5 36. Rc6 Rdxd5 37. Rxd5 Rxd5 38. Rxb6 Rd1+ 39. Kf2
Rd2+ 40. Kg3 Rxa2 41. Rxf6 Kg7 42. Rb6 Ra4 43. Kh3 Ra3+ 44. Kh4 Ra2 45. h3 Rxg2
1/2-1/2

[Event "Cto Aragón Equipos Pref Gr II"]
[Site "Aragon"]
[Date "2015.02.14"]
[Round "4.60"]
[White "Labrador Postigo, Francisco M"]
[Black "Forcen Esteban, Victor"]
[Result "1/2-1/2"]
[WhiteElo "1894"]
[BlackElo "1916"]
[PlyCount "87"]
[EventDate "2015.01.24"]
[WhiteTeam "El Olivar C"]
[BlackTeam "Marcos Frechin"]

1. d4 Nf6 2. Bg5 g6 3. Bxf6 exf6 4. e3 Bg7 5. g3 O-O 6. Bg2 d5 7. Ne2 c6 8. O-O
Nd7 9. c4 dxc4 10. Nd2 Nb6 11. Nf4 Nd5 12. Nxc4 Nxf4 13. gxf4 Be6 14. b3 Re8
15. Rc1 Bd5 16. Nb2 Bxg2 17. Kxg2 Rc8 18. Nd3 Bf8 19. Qf3 Qa5 20. a4 Qf5 21.
Rfd1 Kg7 22. Rc4 Bd6 23. b4 b5 24. axb5 cxb5 25. Rxc8 Rxc8 26. Nc5 Bxc5 27.
dxc5 a5 28. bxa5 Qxc5 29. a6 Rc7 30. Rd8 Qb6 31. Qa8 Qe6 32. Rg8+ Kh6 33. h3
Kh5 34. Rh8 g5 35. Qf3+ g4 36. Rxh7+ Kg6 37. f5+ Kxh7 38. Qxg4 Qxa6 39. Qh4+
Kg7 40. Qg3+ Kf8 41. Qxc7 Qa8+ 42. Kg3 Qd5 43. Qc8+ Kg7 44. f3 1/2-1/2

[Event "Cto Aragón Equipos Pref Gr II"]
[Site "Aragon"]
[Date "2015.02.14"]
[Round "4.61"]
[White "Vera Aranjuelo, Jesus Maria"]
[Black "Valles Mata, David"]
[Result "0-1"]
[WhiteElo "2027"]
[BlackElo "2196"]
[PlyCount "134"]
[EventDate "2015.01.24"]
[WhiteTeam "Caissa B"]
[BlackTeam "La Aurora Estadilla"]

1. d4 g6 2. Nf3 Bg7 3. Bf4 d6 4. e3 Nd7 5. Be2 e5 6. Bg5 Ne7 7. c4 O-O 8. Nc3
c6 9. O-O h6 10. Bh4 g5 11. Bg3 f5 12. h3 Ng6 13. Rc1 Qe7 14. b4 f4 15. exf4
gxf4 16. Bh2 Nf6 17. dxe5 dxe5 18. c5 Bf5 19. Nd2 Kh8 20. Nc4 Ne8 21. Bg4 Rd8
22. Qb3 Bxg4 23. hxg4 f3 24. Ne4 fxg2 25. Kxg2 Nh4+ 26. Kh1 Nf3 27. Bg3 Rd4 28.
Qc2 Qe6 29. Ne3 Qg6 30. Nc3 e4 31. Rcd1 Nf6 32. Rxd4 Nxd4 33. Qd1 Nf3 34. Qd6
Qg5 35. Qe6 Re8 36. Qf5 Nxg4 37. Qxg5 hxg5 38. Ncd1 Nxe3 39. Nxe3 Be5 40. Rd1
Bxg3 41. fxg3 Ne5 42. Rd6 Kh7 43. a4 a6 44. b5 axb5 45. axb5 cxb5 46. Rb6 Re7
47. Rxb5 Kg6 48. Rb6+ Nc6 49. Kg2 Kh7 50. Nf5 Re5 51. Rxb7+ Kg6 52. Rb6 Kxf5
53. Rxc6 e3 54. Kf1 e2+ 55. Ke1 Kg4 56. Rc8 Kxg3 57. c6 g4 58. c7 Re7 59. Ra8
Rxc7 60. Kxe2 Kg2 61. Rh8 Re7+ 62. Kd2 g3 63. Rh6 Kf2 64. Rf6+ Kg1 65. Rf8 g2
66. Rf6 Rh7 67. Rg6 Kh1 0-1

[Event "Cto Aragón Equipos Pref Gr II"]
[Site "Aragon"]
[Date "2015.02.14"]
[Round "4.62"]
[White "Solano Lasierra, Javier"]
[Black "Carraminana Lopez, Luis Antoni"]
[Result "1-0"]
[WhiteElo "2167"]
[BlackElo "1968"]
[PlyCount "55"]
[EventDate "2015.01.24"]
[WhiteTeam "La Aurora Estadilla"]
[BlackTeam "Caissa B"]

1. e4 g6 2. d4 Bg7 3. Nf3 c6 4. Be2 d6 5. O-O Nf6 6. Nc3 O-O 7. a4 Nbd7 8. a5
Qc7 9. Be3 e5 10. d5 a6 11. Nd2 cxd5 12. exd5 b5 13. axb6 Nxb6 14. Bxb6 Qxb6
15. Nc4 Qc7 16. Ra3 Nd7 17. Ne4 Rd8 18. Nexd6 Bf8 19. Ne4 Bxa3 20. bxa3 Bb7 21.
Qd2 Nc5 22. Nf6+ Kg7 23. Ng4 f5 24. d6 Qc6 25. Qh6+ Kh8 26. Bf3 e4 27. Nce5 Qe8
28. Nf6 1-0

[Event "Cto Aragón Equipos Pref Gr II"]
[Site "Aragon"]
[Date "2015.02.14"]
[Round "4.63"]
[White "Galvez Perez, Jose Luis"]
[Black "Escuer Sanchez, Nestor"]
[Result "0-1"]
[WhiteElo "1947"]
[BlackElo "2057"]
[PlyCount "133"]
[EventDate "2015.01.24"]
[WhiteTeam "Caissa B"]
[BlackTeam "La Aurora Estadilla"]

1. d4 Nf6 2. c4 e6 3. Nc3 Bb4 4. a3 Bxc3+ 5. bxc3 O-O 6. e3 b6 7. Bd3 Bb7 8. f3
d5 9. cxd5 exd5 10. Ne2 Re8 11. O-O c5 12. Ng3 Nc6 13. Ra2 Rc8 14. Bf5 Rc7 15.
e4 cxd4 16. Bg5 dxc3 17. Nh5 dxe4 18. Bxf6 gxf6 19. Bxe4 Qe7 20. Ng3 Rd8 21.
Qc1 Nd4 22. Bxb7 Rxb7 23. Qxc3 Rc7 24. Qe1 Qxe1 25. Rxe1 Rc2 26. Raa1 Ne6 27.
Rec1 Rdd2 28. Rxc2 Rxc2 29. Nh5 Kf8 30. f4 Ke7 31. f5 Nd4 32. Re1+ Re2 33.
Rxe2+ Nxe2+ 34. Kf2 Nd4 35. g4 Nb5 36. a4 Nc3 37. a5 bxa5 38. Ke3 Nd5+ 39. Kd4
Kd6 40. Ng3 a4 41. Ne4+ Kc6 42. Kd3 h6 43. h4 a6 44. g5 fxg5 45. hxg5 hxg5 46.
Nxg5 f6 47. Ne4 Kb5 48. Kd4 Ne7 49. Nxf6 Nxf5+ 50. Kc3 Nd6 51. Kb2 Nc4+ 52. Kc2
a5 53. Nd5 a3 54. Kb3 a4+ 55. Kc2 Kc5 56. Nc3 Kb4 57. Nd5+ Kb5 58. Nc3+ Kc5 59.
Nxa4+ Kb4 60. Nc5 Kxc5 61. Kb3 Kb5 62. Ka2 Kb4 63. Ka1 Kb3 64. Kb1 Ne3 65. Ka1
Nd5 66. Kb1 Nb4 67. Ka1 0-1

[Event "Cto Aragón Equipos Pref Gr II"]
[Site "Aragon"]
[Date "2015.02.14"]
[Round "4.64"]
[White "Pellicer Cemeli, Jose Luis"]
[Black "Vasilev, Vas"]
[Result "1-0"]
[WhiteElo "2034"]
[BlackElo "1943"]
[PlyCount "87"]
[EventDate "2015.01.24"]
[WhiteTeam "La Aurora Estadilla"]
[BlackTeam "Caissa B"]

1. e4 d6 2. d4 g6 3. Nc3 Bg7 4. Be3 Nd7 5. Qd2 a6 6. Nf3 b6 7. Bd3 Bb7 8. O-O
h6 9. Rae1 e6 10. h3 Ne7 11. Nh2 c5 12. d5 e5 13. f4 exf4 14. Bxf4 Ne5 15. Nf3
g5 16. Nxe5 dxe5 17. Bh2 Qd6 18. Qf2 f6 19. Ne2 Ng6 20. Ng3 Bc8 21. Nh5 O-O 22.
Qe2 b5 23. c4 b4 24. Kh1 Ra7 25. Bg1 Nf4 26. Nxf4 gxf4 27. Qf2 Rc7 28. Qh4 f5
29. Rf3 fxe4 30. Bxe4 Bf5 31. Qh5 Bxe4 32. Rxe4 Kh7 33. a3 a5 34. axb4 axb4 35.
g3 Qg6 36. Qxg6+ Kxg6 37. gxf4 Kf5 38. Rxe5+ Bxe5 39. fxe5+ Kxe5 40. Rxf8 Ke4
41. d6 Rd7 42. Bxc5 Kd3 43. Bxb4 Kxc4 44. Ba3 1-0

[Event "Cto Aragón Equipos Pref Gr II"]
[Site "Aragon"]
[Date "2015.02.14"]
[Round "4.65"]
[White "Carruez Berges, Fernando"]
[Black "Planas Torrea, Francisco Javie"]
[Result "0-1"]
[WhiteElo "2095"]
[BlackElo "2032"]
[PlyCount "58"]
[EventDate "2015.01.24"]
[WhiteTeam "Agrupacion B"]
[BlackTeam "Ejea"]

1. e4 c6 2. d4 d5 3. exd5 cxd5 4. Bd3 g6 5. c3 Bg7 6. Bf4 Nc6 7. Nd2 Nh6 8.
Ngf3 Bf5 9. Bxf5 Nxf5 10. Qe2 Nd6 11. h4 h6 12. Ne5 a5 13. Rh3 a4 14. a3 Ra6
15. Nxg6 fxg6 16. Qe6 Bf6 17. Qxd5 Qa5 18. Qa2 Nf7 19. Ne4 Nxd4 20. Kf1 Nb3 21.
Re1 O-O 22. g4 h5 23. g5 Qf5 24. Rf3 Be5 25. Ng3 Qg4 26. Kg2 Bxf4 27. Rxe7 Bxg3
28. fxg3 Re6 29. Qb1 Ne5 0-1

[Event "Cto Aragón Equipos Pref Gr II"]
[Site "Aragon"]
[Date "2015.02.14"]
[Round "4.66"]
[White "Larios Villa, Francisco Javier"]
[Black "Lopez Guaita, Fernando"]
[Result "1/2-1/2"]
[WhiteElo "1948"]
[BlackElo "1967"]
[PlyCount "103"]
[EventDate "2015.01.24"]
[WhiteTeam "Ejea"]
[BlackTeam "Agrupacion B"]

1. b4 e5 2. Bb2 Bxb4 3. Bxe5 Nf6 4. Nf3 Nc6 5. Bb2 d5 6. e3 O-O 7. c3 Bd6 8.
Qc2 Bg4 9. Be2 Re8 10. d4 Ne7 11. Nbd2 Ng6 12. h3 Bd7 13. c4 c6 14. c5 Bc7 15.
Bd3 b5 16. a3 Qe7 17. Kd1 Ne4 18. Rf1 Nh4 19. Bxe4 dxe4 20. Ne5 Bxe5 21. dxe5
Bf5 22. g4 Bg6 23. Kc1 Rad8 24. Rd1 Rd5 25. Nb3 Rxd1+ 26. Qxd1 Nf3 27. Bd4 Nxe5
28. Qd2 Nd3+ 29. Kc2 Qh4 30. Na5 Rc8 31. Nb7 Qxf2 32. Nd6 Rb8 33. Rh1 f6 34.
Rh2 Qxd2+ 35. Rxd2 Bf7 36. Nxe4 Bg6 37. Kxd3 Re8 38. Kc3 Bxe4 39. a4 a5 40.
axb5 cxb5 41. Ra2 Ra8 42. h4 Kf7 43. Rf2 Ke6 44. g5 fxg5 45. hxg5 Ra7 46. Rf8
h5 47. gxh6 gxh6 48. Rh8 Bh7 49. Rf8 Kd5 50. Rf6 h5 51. Rh6 b4+ 52. Kb3 1/2-1/2

[Event "Cto Aragón Equipos Pref Gr II"]
[Site "Aragon"]
[Date "2015.02.14"]
[Round "4.67"]
[White "Serrat Claver, David"]
[Black "Planas Torrea, Alberto"]
[Result "1/2-1/2"]
[WhiteElo "1844"]
[BlackElo "1928"]
[PlyCount "34"]
[EventDate "2015.01.24"]
[WhiteTeam "Agrupacion B"]
[BlackTeam "Ejea"]

1. e4 e5 2. Nf3 Nc6 3. d4 exd4 4. Nxd4 Bc5 5. Nb3 Bb6 6. a4 Qh4 7. Qe2 Nf6 8.
a5 Nd4 9. Nxd4 Bxd4 10. Ra4 Bc5 11. Rc4 d6 12. e5 Bxf2+ 13. Qxf2 Qxf2+ 14. Kxf2
Ng4+ 15. Rxg4 Bxg4 16. exd6 cxd6 17. Bf4 O-O-O 1/2-1/2

[Event "Cto Aragón Equipos Pref Gr II"]
[Site "Aragon"]
[Date "2015.02.14"]
[Round "4.68"]
[White "Merin Flores, Miguel Angel"]
[Black "Subira Navarro, Oscar"]
[Result "1/2-1/2"]
[WhiteElo "1712"]
[BlackElo "1767"]
[PlyCount "93"]
[EventDate "2015.01.24"]
[WhiteTeam "Ejea"]
[BlackTeam "Agrupacion B"]

1. d4 Nf6 2. Nf3 e6 3. c4 Bb4+ 4. Nc3 Ne4 5. Qc2 f5 6. Bd2 Nxd2 7. Nxd2 c5 8.
d5 O-O 9. a3 Bxc3 10. Qxc3 exd5 11. cxd5 d6 12. e3 Nd7 13. Rd1 Nf6 14. Bc4 Ne4
15. Qc2 Nxd2 16. Rxd2 Qg5 17. O-O f4 18. exf4 Rxf4 19. Re1 Bh3 20. Bf1 Raf8 21.
g3 Bf5 22. Qc3 Be4 23. Qe3 Qg6 24. Bg2 Bxg2 25. Kxg2 R4f6 26. Qe7 Qg5 27. Re3
h5 28. Qe4 b5 29. h4 Qf5 30. Qxf5 Rxf5 31. Re6 R5f6 32. Re7 R8f7 33. Re8+ Kh7
34. f4 Rb7 35. Rde2 b4 36. axb4 cxb4 37. Ra8 Rf5 38. Rd2 Rb5 39. Rxa7 Rfxd5 40.
Re2 Rb8 41. Kh3 Rd1 42. Ree7 Rg8 43. Rab7 Rd4 44. Re3 Rc8 45. Ree7 Rg8 46. Re3
Rc8 47. Ree7 1/2-1/2

[Event "Cto Aragón Equipos Pref Gr II"]
[Site "Aragon"]
[Date "2015.02.14"]
[Round "4.69"]
[White "Garcia Gracia, Victor Hugo"]
[Black "Turon Perez, David"]
[Result "1-0"]
[WhiteElo "2003"]
[BlackElo "1932"]
[PlyCount "99"]
[EventDate "2015.01.24"]
[WhiteTeam "Santa Isabel"]
[BlackTeam "Tauste B"]

1. e4 c6 2. Nc3 d5 3. Nf3 dxe4 4. Nxe4 Nf6 5. Qe2 Nxe4 6. Qxe4 Qd5 7. Qf4 Qd6
8. d4 Qxf4 9. Bxf4 Bf5 10. O-O-O e6 11. Nh4 Bg6 12. Nxg6 hxg6 13. c4 Na6 14. d5
Nc5 15. dxc6 bxc6 16. Be2 Nd7 17. Bf3 Rc8 18. Rd3 e5 19. Bg3 Be7 20. Re1 Nc5
21. Ra3 f6 22. b4 Ne6 23. c5 Rc7 24. Rd1 Kf7 25. Ra6 Rhc8 26. Rd3 Bxc5 27. bxc5
Nxc5 28. Rda3 Nxa6 29. Rxa6 Rd8 30. Kc2 Ke6 31. Kc3 g5 32. Be2 f5 33. f3 Rh8
34. h3 Rb8 35. Bf2 Rbb7 36. Bc5 Kd5 37. Ra5 Rb5 38. Bb4 e4 39. Bc4+ Ke5 40.
Bxb5 cxb5+ 41. Kd2 Kd4 42. fxe4 Kc4 43. a3 Rd7+ 44. Ke3 Rd3+ 45. Ke2 Rg3 46.
Kf2 f4 47. Rxa7 g4 48. Rxg7 gxh3 49. Rxg3 fxg3+ 50. Kxg3 1-0

[Event "Cto Aragón Equipos Pref Gr II"]
[Site "Aragon"]
[Date "2015.02.14"]
[Round "4.70"]
[White "Muro Turon, Raul"]
[Black "Perez Boy, Pedro"]
[Result "1-0"]
[WhiteElo "1893"]
[BlackElo "1816"]
[PlyCount "83"]
[EventDate "2015.01.24"]
[WhiteTeam "Tauste B"]
[BlackTeam "Santa Isabel"]

1. e4 c5 2. c3 d6 3. d4 cxd4 4. cxd4 Nf6 5. Nc3 e6 6. Nf3 Be7 7. Bd3 Nbd7 8.
O-O O-O 9. e5 dxe5 10. dxe5 Nd5 11. Ne4 Re8 12. Qe2 Nf8 13. Bg5 Bxg5 14. Nfxg5
h6 15. Qh5 Ng6 16. Nxf7 Ngf4 17. Qf3 Qe7 18. Ned6 Nxd3 19. Qxd3 Rf8 20. Nxc8
Qxf7 21. Nd6 Qh5 22. Rae1 Rf4 23. Qe2 Qg6 24. f3 Raf8 25. Kh1 Rh4 26. Qf2 Rhf4
27. a3 b6 28. Re2 Qh5 29. Qe1 Rd4 30. Re4 Rxe4 31. Qxe4 Nf4 32. g3 Ng6 33. Kg2
Qxe5 34. Qxe5 Nxe5 35. f4 Nf7 36. Nb5 a5 37. Re1 e5 38. fxe5 Re8 39. e6 Ng5 40.
e7 Ne6 41. Rxe6 Kf7 42. Re2 1-0

[Event "Cto Aragón Equipos Pref Gr II"]
[Site "Aragon"]
[Date "2015.02.14"]
[Round "4.71"]
[White "Peris Laorden, Gerardo"]
[Black "Garcia Montolar, Cesar"]
[Result "1-0"]
[WhiteElo "1784"]
[BlackElo "1834"]
[PlyCount "65"]
[EventDate "2015.01.24"]
[WhiteTeam "Santa Isabel"]
[BlackTeam "Tauste B"]

1. c4 e5 2. Nc3 Nc6 3. g3 g6 4. Bg2 Bg7 5. Nf3 d6 6. O-O Be6 7. d3 f5 8. Ng5
Bd7 9. Bd5 Nh6 10. Ne6 Bxe6 11. Bxe6 Nd4 12. Bd5 c6 13. Bg2 O-O 14. b4 Kh8 15.
Rb1 a6 16. e3 Ne6 17. Qb3 Qd7 18. a4 Rac8 19. b5 axb5 20. axb5 Nc5 21. Qc2 Ng4
22. Ba3 Ne6 23. bxc6 bxc6 24. Rb6 Rf7 25. Rfb1 Nd8 26. h3 Nf6 27. Qb3 Ne8 28.
Kh2 f4 29. Ne4 h6 30. Rb8 f3 31. Bf1 Bf8 32. d4 d5 33. Rxc8 1-0

[Event "Cto Aragón Ajedrez Equipos DH Gr I"]
[Site "Aragon"]
[Date "2015.02.21"]
[Round "5.1"]
[White "Lana Rodriguez, David"]
[Black "Forcen Esteban, Daniel"]
[Result "0-1"]
[WhiteElo "2254"]
[BlackElo "2526"]
[PlyCount "98"]
[EventDate "2015.01.24"]
[WhiteTeam "Agrupacion"]
[BlackTeam "Jaime Casas"]

1. e4 e6 2. d4 d5 3. Nc3 Nf6 4. Bg5 Be7 5. e5 Nfd7 6. h4 h6 7. Bxe7 Qxe7 8. Qg4
O-O 9. Nf3 c5 10. Bb5 Nc6 11. Bxc6 bxc6 12. dxc5 Rb8 13. Qd4 Qxc5 14. Qxc5 Nxc5
15. O-O-O Nd7 16. Ne2 c5 17. Nf4 Rb4 18. g3 a5 19. b3 a4 20. Kb2 Ba6 21. Rhe1
Rfb8 22. Nd2 R4b5 23. c3 Ra5 24. Kc2 axb3+ 25. axb3 Bb5 26. Rb1 g5 27. hxg5
hxg5 28. Nd3 Ra2+ 29. Nb2 c4 30. Ra1 cxb3+ 31. Nxb3 Rxb2+ 32. Kxb2 Bc4 33. Kc2
Bxb3+ 34. Kd2 Bc4 35. Kc2 Nc5 36. Re3 g4 37. f3 gxf3 38. Rxf3 Be2 39. Rf4 Bd3+
40. Kd1 Rb2 41. Ra8+ Kg7 42. Rg4+ Bg6 43. c4 Nd3 44. Rd4 dxc4 45. Rxc4 Nxe5 46.
Rcc8 Bh5+ 47. Ke1 Be2 48. Rg8+ Kf6 49. Rab8 Nd3# 0-1

[Event "Cto Aragón Ajedrez Equipos DH Gr I"]
[Site "Aragon"]
[Date "2015.02.21"]
[Round "5.2"]
[White "Antoli Royo, Joaquin Miguel"]
[Black "Ramon Perez, Jose Luis"]
[Result "1-0"]
[WhiteElo "2437"]
[BlackElo "2237"]
[PlyCount "115"]
[EventDate "2015.01.24"]
[WhiteTeam "Jaime Casas"]
[BlackTeam "Agrupacion"]

1. e4 e5 2. Nf3 Nc6 3. Bb5 a6 4. Bxc6 dxc6 5. Nc3 f6 6. d4 exd4 7. Qxd4 Qxd4 8.
Nxd4 c5 9. Nde2 Be6 10. Nf4 Bf7 11. Nfd5 Bd6 12. Bf4 Bxf4 13. Nxf4 O-O-O 14.
Nfd5 Nh6 15. f3 Rhe8 16. O-O-O f5 17. Nf4 b6 18. h3 Rd4 19. g4 fxe4 20. Nxe4
Red8 21. Ne2 R4d5 22. N4c3 R5d6 23. Ng3 Rd4 24. a3 Bc4 25. Nce2 R4d6 26. Rde1
Ng8 27. Nf5 R6d7 28. Nc3 g6 29. Ne3 Bf7 30. Ne4 h6 31. Rd1 Rd4 32. c3 Rd3 33.
Rxd3 Rxd3 34. Re1 Bb3 35. f4 Ne7 36. Nd2 Ba4 37. Ndc4 Nd5 38. Nxd5 Rxd5 39. Ne5
Rd6 40. h4 Rf6 41. Rf1 Kd8 42. Kd2 Ke7 43. Ke3 Rd6 44. g5 hxg5 45. hxg5 Ke6 46.
Nxg6 Kf5 47. Ne5 b5 48. g6 Bb3 49. Rg1 Rd8 50. g7 Bg8 51. Rg5+ Ke6 52. Ke4 Bh7+
53. f5+ Kf6 54. Kf4 Rg8 55. Ng4+ Ke7 56. f6+ Ke6 57. Re5+ Kd6 58. f7 1-0